00661 2200277 4500001002100000005001500021035002000036007000300056040001700059100001400076245004800090250001000138300003200148020002200180041000800202082000800210084002000218090001400238264004400252336001500296337001300311338001500324650001200339850001000351990002200361INLIS00000000001420120260526082505 a0010-0526000051ta aSBPUPADbind aTim Chip: aSolusi Praktis Dari Dokter Chip /cTim Chip aCet.1 a109 hlm :billus ;c11,5 cm a978-979-27-2548-3 bind a005 2[23]a005 SER s a005 SER s aJakarta :bElex Media Komputindo,c2008 2rdacontent 2rdamedia 2rdacarrier aprogram aPUPAD a39.156/S/DPK/2025